01063 am a2200301ua 4500999001700000001001000017003000900027005001700036008004100053020001800094020002300112040003700135082001900172245005000191250002200241264005600263300002700319336002600346337002800372338002700400650005100427650006000478653002700538655001700565710003200582942001900614952012800633 c27923d27894009412780EG-ScBUE20191210110946.0981130r20051998enk f d 000 0 eng d a9780521625678 a052162567X (pbk) : aDLCbengerdacDLCdUkdEG-ScBUE04a423.1bCAM22200aCambridge international dictionary of idioms. aSeventh printing. 1aCambridge, UK :bCambridge University Press,c2005. axv, 587 pages ;c21 cm atext2rdacontentbtxt aunmediated2rdamediabn avolume2rdacarrierbnc 7aEnglish languagexIdiomsvDictionaries.2BUEsh 7aEnglish languagevConversation and phrase books.2BUEsh bHHUUEENNcDecember2019 vReading book2 aCambridge University Press. 2ddccREFERENCE 00102ddc4070aMAINbMAINc2NDd2019-12-10ePurchasel0o423.1 CAMp000002149r2025-07-15 00:00:00w2019-12-10yREFERENCE